000 00289nam a22001217a 4500
008 180515b xxu||||| |||| 00| 0 eng d
041 _aeng
080 _a043.3
100 _a0
101 _aMBE-BA
245 _aTeorite Bashkekohore per Tregtine e Jashtme
_cRatkoceri, B
942 _2udc
_cBK
999 _c45800
_d45800